000 00408 a2200157 4500
001 72089
020 _a
040 _cAnchieta - Colégio São Paulo
100 _aMagalhães, Rita Mafalda de Oliveira
240 1 0 _aBianca e Bimbaldo; Um vôo na pandorga
_lpor
245 1 0 _aBianca e Bimbaldo; Um vôo na pandorga
300 _a16
362 0 _a1987
650 4 _aLiteratura infanto-juvenil
942 _cBK
999 _c72089
_d72089